The ring and the book

Obra teatral compuesta por poemas en estilo de monólogos dramáticos que relatan el juicio de un conde empobrecido que es acusado de asesinar a su esposa y sus padres por un arranque de celos. Cada poema largo establece los hechos, la defensa, la fiscalía junto el veredicto final que se entrega al ac...

ver descrição completa

Na minha lista:
Detalhes bibliográficos
Autor principal: Browing, Robert
Formato: Livro
Idioma:Undetermined
Publicado em: Londres, Inglaterra Penguin Books 1971
Assuntos:
Tags: Adicionar Tag
Sem tags, seja o primeiro a adicionar uma tag!

MARC

LEADER 00000nam a2200000Ia 4500
008 170316s9999 xx 000 0 und d
040 |a cru BVZT 
090 |a 820 B-26r 
100 |a Browing, Robert 
245 4 |a The ring and the book 
260 |a Londres, Inglaterra 
260 |b Penguin Books 
260 |c 1971 
300 |a 707 páginas 
520 |a Obra teatral compuesta por poemas en estilo de monólogos dramáticos que relatan el juicio de un conde empobrecido que es acusado de asesinar a su esposa y sus padres por un arranque de celos. Cada poema largo establece los hechos, la defensa, la fiscalía junto el veredicto final que se entrega al acusado. 
650 |a LITERATURA INGLESA  |9 12 
999 |c 6740  |d 6740 
942 |c 15 D  |h 820 B-26r  |2 z